| 000 | 02176nam0a2200433 4500 | ||
|---|---|---|---|
| 001 | RU\NLR\bibl\362186 | ||
| 005 | 20260406064353.0 | ||
| 010 |
_a5-7107-6467-1 _915000 |
||
| 021 |
_aRU _b2002-56352 _92740 |
||
| 035 | _a(NLR Aleph) 000356786 | ||
| 090 |
_a310409 _c310409 |
||
| 100 | _a20030128d2002 |||y0rusy50 ca | ||
| 101 | 0 | _arus | |
| 102 | _aRU | ||
| 105 | _aa ||||||||| | ||
| 200 | 1 |
_aОсновы безопасности жизнедеятельности _e6 кл. _eУчеб. для общеобразоват. учеб. заведений _f[А.Г. Маслов, В.В. Марков, В.Н. Латчук и др. _gНауч. ред. Ю.С. Константинов - д.чл. Акад. туризма и др.] |
|
| 205 | _a4-е изд., стер. | ||
| 210 |
_aМ. _cДрофа _d2002 |
||
| 215 |
_a189,[1] с. _cцв. ил. _d22 |
||
| 320 | _aБиблиогр.: с. 186-187 | ||
| 606 | 0 |
_aБезопасность жизнедеятельности _jРуководства, пособия и т.п. для средней школы _91373082 _3RU\NLR\auth\66261709 |
|
| 606 | 0 |
_aБезопасность жизнедеятельности _jУчебные издания для средней школы _91373082 _3RU\NLR\auth\66261709 |
|
| 610 | 0 | _aБезопасность жизнедеятельности | |
| 675 |
_a373.167.1:614.8.084 _v3 _zrus |
||
| 675 |
_a614.8.084(075.3) _v3 _zrus |
||
| 686 |
_a14.25 _2rugasnti |
||
| 686 |
_a68.9я721 _2rubbk |
||
| 686 | _aЖ.н6я721-1 | ||
| 686 | _aЦ69,6(2Р)0я721-1 | ||
| 701 | 1 |
_4070 _8rus _7ca _aМаслов _bА. Г. _cспециалист по ОБЖ _gАнатолий Григорьевич _3RU\NLR\auth\7723940 _96993 |
|
| 701 | 1 |
_4070 _8rus _7ca _aМарков _bВ. В. _cспециалист по ОБЖ _gВалерий Васильевич _3RU\NLR\auth\7723938 _96991 |
|
| 701 | 1 |
_4070 _7ca _8rus _aЛатчук _bВ. Н. _gВладимир Николаевич _3RU\NLR\auth\7723936 _96989 |
|
| 702 | 1 |
_aКонстантинов _bЮ. С. _4340 |
|
| 801 | 0 |
_aRU _bRKP _c20030128 _gPSBO |
|
| 801 | 1 |
_aRU _bRKP _c20030128 |
|
| 801 | 2 |
_aRU _bNLR _c20061123 _grcr |
|
| 942 | _cBOOK | ||
| 980 | _aNB | ||